Online Catalogue and eLibrary

Malaiakap parisuk kathaigal (Record no. 4369)

MARC details
000 -LEADER
fixed length control field 00419nam a2200145Ia 4500
005 - DATE AND TIME OF LATEST TRANSACTION
control field 20250508053647.0
008 - FIXED-LENGTH DATA ELEMENTS--GENERAL INFORMATION
fixed length control field 240331s9999 xx 000 0 und d
082 ## - DDC Classification
Item Number - Author Mark KAM
Class No. 891
100 ## - MAIN ENTRY--PERSONAL NAME
Personal name Kamalakanthan, M
245 #0 - TITLE STATEMENT
Title Malaiakap parisuk kathaigal
260 ## - PUBLICATION, DISTRIBUTION, ETC.
Place of publication, distribution, etc. Colombo
Name of publisher, distributor, etc. Kalai oli Muthiah pillai Memorial Committee
Date of publication, distribution, etc. 1994
300 ## - PHYSICAL DESCRIPTION
Extent (e.g. Volumes, Pages etc.) 119 p .,
500 ## - GENERAL NOTE
General note Collection of Sri Lankan Upcountry Shor Stories
942 ## - Koha item type (Biblio)
Koha item type Books in Stacks (Lending)
Holdings
Lost status Damaged status Collection code Home library Current library Shelving location Date acquired Full call number Accession Number Item type
    Lending WERC Library WERC Library Social Science Cupboard 03/31/2024 894.811 KAM 5396 Books in Stacks (Lending)

© WERC Library